Historia viva (Registro nro. 297791)

Detalles MARC
000 -ENCABEZADO
Número de control [NR] 00945nam a2200265 b 4500
005 - FECHA Y HORA DE LA ÚLTIMA TRANSACCIÓN
control field 20141209142934.0
008 - DE LONGITUD FIJA DE DATOS DE ELEMENTOS - INFORMACIÓN GENERAL
Elementos de longitud fija [NR] 141209s2004 sp o gr ||| ||spa
020 ## - NUMERO INTERNACIONAL NORMALIZADO PARA LIBROS [R]
Número Internacional Normalizado del libro [NR] 8408054775
040 ## - FUENTE DE CATALOGACION [NR]
Agencia de catalogación original [NR] CO-BoUCM
Idioma de catalogación [NR] spa
Quien Cataloga Jose A. Gerena
Quien Clasifica Jose A. Gerena
041 1# - CODIGO DE IDIOMA [R]
Código de idioma para texto/pista de sonido o título separado [R] Español
Language code of original and/or intermediate translations of text eng
100 1# - ASIENTO PRINCIPAL--NOMBRE PERSONAL [NR]
Nombre personal [NR] Clinton, Hillary Rodham
ID Autoridad 1378
245 10 - MENCION DE TITULO [NR]
Título [NR] Historia viva
Parte restante del título [NR] memorias
Mención de responsabilidad, etc. [NR] Hillary Rodham Clinton ; traducción de Claudia Casanova
260 ## - PUBLICACION, DISTRIBUCION, ETC. (PIE DE IMPRENTA) [R]
Lugar de publicación, distribución, etc. [R] Barcelona (España)
Nombre del editor, distribuidor, etc. [R] Planeta
Fecha de publicación, distribución, etc. [R] 2004
300 ## - DESCRIPCION FISICA [R]
Extensión [R] 830 páginas
Otros detalles físicos [NR] fotografías
490 1# - MENCION DE SERIE [R]
Mención de serie [R] Booket
600 17 - ASIENTO SECUNDARIO DE MATERIA - NOMBRE PERSONAL [R]
Nombre personal [NR] Clinton, Hillary Rodham
Fuente del encabezamiento o término [NR] 1946-
9 (RLIN) 1378
650 #7 - ASIENTO SECUNDARIO DE MATERIA - TERMINO TEMATICO [R]
Término temático o nombre geográfico como elemento de entrada [NR] Biografías
9 (RLIN) 26453
650 #7 - ASIENTO SECUNDARIO DE MATERIA - TERMINO TEMATICO [R]
Término temático o nombre geográfico como elemento de entrada [NR] Ciencia política
Subdivisión geográfica [R] Estados Unidos
9 (RLIN) 45703
651 #4 - ASIENTO SECUNDARIO DE MATERIA - NOMBRE GEOGRAFICO [R]
Nombre geográfico [NR] Estados Unidos
Subdivisión general [R] Política y gobierno
Subdivisión cronológica [R] 1993-2001
9 (RLIN) 66331
690 ## - ASUNTO AGREGADO LOCAL DE ENTRADA - TÉRMINO TEMÁTICO (OCLC, RLIN)
9 (RLIN) 42750
Acceso temático local Biografías
700 1# - ASIENTO SECUNDARIO - NOMBRE PERSONAL [R]
Nombre personal [NR] Casanova, Claudia
Término de relación [R] traductor
9 (RLIN) 44132
765 1# - ASIENTO DE IDIOMA ORIGINAL [R]
Título [NR] Living History
942 ## - ELEMENTOS DE ENTRADA AGREGADOS (KOHA)
Sistema de clasificación DEWEY
Tema principal Biografías
Tipo de ítem principal el descrito en 300a Libro
Edición 1
Clasificación 923.3
Parte restante de la signatura top. C641
Existencias
Fecha de último préstamo Total préstamos Signatura topográfica Código de barras Última vez visto Ejemplar Costo de reposición Price effective from Tipo de ítem Perdido Sistema de clasificación Dañado No prestable Tipo de ítem específico Suprimido Ubicación habitual Ubicación actual Localización Fecha de creación Proveedor Forma de adquisición Costo
29/10/2019 2 923.2 C641 100144345 09/12/2025 Ej.1 26000.00 25/11/2014 Libro   DEWEY     Libro   Claustro Claustro 2do piso 25/11/2014 12 Donación 0.00